[Event "Montreal Mercredi 01"]
[Site "Montreal CAN"]
[Date "2009.01.07"]
[Round "1"]
[White "Marquis, Gerald"]
[Black "Brichko, Michael"]
[Result "0-1"]
[WhiteElo "1550"]
[BlackElo "1501"]
[PlyCount "80"]
[GameId "2160767910281703"]
[EventDate "2009.01.07"]
[EventType "tourn"]
[EventRounds "5"]
[EventCountry "CAN"]
[SourceTitle "EXT 2011"]
[Source "ChessBase"]
[SourceDate "2011.11.26"]
[SourceVersion "1"]
[SourceVersionDate "2011.11.26"]
[SourceQuality "1"]

1. e4 e6 2. d4 d5 3. Nd2 dxe4 4. Nxe4 Nd7 5. Nf3 Ngf6 6. Ng3 Be7 7. Bd3 O-O 8. O-O c5 9. c3 b6 10. Re1 Bb7 11. Ne4 Rc8 12. Qe2 Kh8 13. Ba6 Bxe4 14. Ng5 Bc6 15. Bxc8 Qxc8 16. Bd2 Qb7 17. f3 cxd4 18. cxd4 h6 19. Ne4 Nxe4 20. fxe4 Nf6 21. e5 Nh7 22. Rac1 Bd5 23. a3 Rd8 24. Rc3 Rc8 25. Rg3 Ng5 26. Qg4 Rg8 27. Qh5 Nh7 28. Qxf7 Bh4 29. Qxb7 Bxb7 30. Rc3 Bxe1 31. Bxe1 Rc8 32. Rxc8+ Bxc8 33. Bb4 Kg8 34. Bd6 Ng5 35. Bb8 a6 36. Kf2 Kf7 37. h4 Ne4+ 38. Ke3 Ng3 39. Kd3 Nf5 40. Ke4 Bb7+ 0-1

[Event "Montreal Mercredi 01"]
[Site "Montreal CAN"]
[Date "2009.01.07"]
[Round "1"]
[White "Mathews, Theo"]
[Black "Cote, Philippe"]
[Result "0-1"]
[WhiteElo "1679"]
[BlackElo "1668"]
[PlyCount "89"]
[GameId "2160767910281704"]
[EventDate "2009.01.07"]
[EventType "tourn"]
[EventRounds "5"]
[EventCountry "CAN"]
[SourceTitle "EXT 2011"]
[Source "ChessBase"]
[SourceDate "2011.11.26"]
[SourceVersion "1"]
[SourceVersionDate "2011.11.26"]
[SourceQuality "1"]

1. e4 d6 2. d4 Nf6 3. Nc3 g6 4. Nf3 Bg7 5. Be2 O-O 6. O-O Bg4 7. h3 Bxf3 8. Bxf3 e5 9. dxe5 dxe5 10. Qxd8 Rxd8 11. Bg5 c6 12. Rad1 Na6 13. Be3 Bf8 14. a3 Nc5 15. Bg5 Kg7 16. Be3 Ne6 17. Be2 Bc5 18. Bxc5 Nxc5 19. f3 Ne6 20. Bc4 Nf4 21. Kh2 Rd4 22. Rxd4 exd4 23. Ne2 Nxe2 24. Bxe2 h5 25. Rd1 c5 26. g3 h4 27. gxh4 Nh5 28. Bc4 Rb8 29. c3 b5 30. Bd5 dxc3 31. bxc3 b4 32. axb4 cxb4 33. Rb1 a5 34. cxb4 axb4 35. Kg2 Nf4+ 36. Kf2 Nxh3+ 37. Kg2 Nf4+ 38. Kf2 Kf6 39. Ke3 Ng2+ 40. Kd4 Nxh4 41. f4 Ng2 42. e5+ Ke7 43. Ke4 Nh4 44. Rh1 Nf5 45. Bb3 0-1

[Event "Montreal Mercredi 01"]
[Site "Montreal CAN"]
[Date "2009.01.07"]
[Round "1"]
[White "Pregent, Daniel"]
[Black "Turcotte, Jonathan"]
[Result "0-1"]
[WhiteElo "1749"]
[BlackElo "1743"]
[PlyCount "82"]
[GameId "2160767910281705"]
[EventDate "2009.01.07"]
[EventType "tourn"]
[EventRounds "5"]
[EventCountry "CAN"]
[SourceTitle "EXT 2011"]
[Source "ChessBase"]
[SourceDate "2011.11.26"]
[SourceVersion "1"]
[SourceVersionDate "2011.11.26"]
[SourceQuality "1"]

1. d4 d5 2. c4 c6 3. e3 Nf6 4. Nf3 e6 5. Nc3 Nbd7 6. Qc2 Bd6 7. b3 O-O 8. Bb2 b6 9. Bd3 Bb7 10. O-O Rc8 11. Rac1 Re8 12. Qb1 c5 13. cxd5 exd5 14. Bf5 a6 15. Rfd1 c4 16. bxc4 Rxc4 17. a4 Qe7 18. Qd3 Rec8 19. Nd2 R4c7 20. Ncb1 Rxc1 21. Rxc1 Rxc1+ 22. Bxc1 g6 23. Bxd7 Qxd7 24. Ba3 Ne8 25. Bxd6 Nxd6 26. Qb3 Qc6 27. f3 Nc4 28. Kf2 b5 29. axb5 axb5 30. Qb4 Bc8 31. Nb3 Bf5 32. Nc3 Qe6 33. e4 dxe4 34. Nc5 e3+ 35. Ke2 Qf6 36. Nxb5 Qh4 37. Nd3 Ne5 38. Ne1 Qf2+ 39. Kd1 e2+ 40. Kc1 Nd3+ 41. Nxd3 Bxd3 0-1

[Event "Montreal Mercredi 01"]
[Site "Montreal CAN"]
[Date "2009.01.14"]
[Round "2"]
[White "Dobrev, Martin"]
[Black "Pregent, Daniel"]
[Result "0-1"]
[WhiteElo "1848"]
[BlackElo "1749"]
[PlyCount "92"]
[GameId "2160767910281706"]
[EventDate "2009.01.07"]
[EventType "tourn"]
[EventRounds "5"]
[EventCountry "CAN"]
[SourceTitle "EXT 2011"]
[Source "ChessBase"]
[SourceDate "2011.11.26"]
[SourceVersion "1"]
[SourceVersionDate "2011.11.26"]
[SourceQuality "1"]

1. d4 Nf6 2. Nf3 e6 3. e3 c5 4. c4 d5 5. Nc3 cxd4 6. exd4 Nc6 7. Bg5 Be7 8. Bd3 O-O 9. Bxf6 Bxf6 10. cxd5 exd5 11. O-O Bg4 12. Be2 Re8 13. Qb3 Na5 14. Qb5 a6 15. Qd3 g6 16. Qd2 Nc4 17. Bxc4 dxc4 18. Qf4 Bxf3 19. Qxf3 Qxd4 20. Rad1 Qh4 21. g3 Qg5 22. Ne4 Rxe4 23. Qxe4 Qb5 24. Rc1 Rc8 25. b3 c3 26. Rc2 Qc6 27. Re1 Kf8 28. Kf1 b5 29. Re3 a5 30. Ke2 b4 31. f3 Qb5+ 32. Qd3 Qb6 33. Qe4 Rd8 34. Qc4 Qd6 35. Rd3 Qe5+ 36. Qe4 Qb5 37. Qc4 Qxc4 38. bxc4 a4 39. Rxd8+ Bxd8 40. Kd3 Bf6 41. Re2 b3 42. c5 c2 43. Re1 Bd4 44. axb3 axb3 45. c6 Bb6 46. g4 Ba5 0-1

[Event "Montreal Mercredi 01"]
[Site "Montreal CAN"]
[Date "2009.01.14"]
[Round "2"]
[White "Gauthier, Luc"]
[Black "Baran, Marius"]
[Result "0-1"]
[WhiteElo "1631"]
[BlackElo "1654"]
[PlyCount "54"]
[GameId "2160767910281707"]
[EventDate "2009.01.07"]
[EventType "tourn"]
[EventRounds "5"]
[EventCountry "CAN"]
[SourceTitle "EXT 2011"]
[Source "ChessBase"]
[SourceDate "2011.11.26"]
[SourceVersion "1"]
[SourceVersionDate "2011.11.26"]
[SourceQuality "1"]

1. e4 e5 2. Nc3 Nf6 3. f4 d6 4. Nf3 Bg4 5. Bc4 Nc6 6. h3 Bxf3 7. Qxf3 Nd4 8. Qd1 exf4 9. d3 g5 10. h4 Rg8 11. Nd5 c6 12. Nxf6+ Qxf6 13. c3 Ne6 14. Qb3 Nc5 15. Qc2 gxh4 16. d4 Ne6 17. Qf2 Be7 18. Bxe6 fxe6 19. Bxf4 Rg4 20. Rf1 Qg6 21. O-O-O Rxg2 22. Qf3 Kd7 23. Rd2 Rxd2 24. Kxd2 Rf8 25. Qe3 e5 26. dxe5 dxe5 27. Qd3+ Qd6 0-1

[Event "Montreal Mercredi 01"]
[Site "Montreal CAN"]
[Date "2009.01.14"]
[Round "2"]
[White "Lafleur, Jean Francois"]
[Black "Marquis, Gerald"]
[Result "1/2-1/2"]
[WhiteElo "1464"]
[BlackElo "1550"]
[PlyCount "57"]
[GameId "2160767910281708"]
[EventDate "2009.01.07"]
[EventType "tourn"]
[EventRounds "5"]
[EventCountry "CAN"]
[SourceTitle "EXT 2011"]
[Source "ChessBase"]
[SourceDate "2011.11.26"]
[SourceVersion "1"]
[SourceVersionDate "2011.11.26"]
[SourceQuality "1"]

1. e4 e5 2. Nf3 Nf6 3. Nxe5 d6 4. Nf3 Nxe4 5. Qe2 Qe7 6. d4 d5 7. Ng5 Bf5 8. Nxe4 Qxe4 9. Bf4 Nc6 10. c3 O-O-O 11. Qxe4 Bxe4 12. Nd2 Bc2 13. Be2 Re8 14. Be3 f5 15. O-O g5 16. Bh5 Re7 17. Bxg5 Rd7 18. Bf6 Rg8 19. Be8 Rd6 20. Bf7 Rxf6 21. Bxg8 Ne7 22. Bxh7 Rf7 23. Bxf5+ Bxf5 24. Nf3 Rg7 25. Rfe1 Be4 26. Kf1 Bd3+ 27. Kg1 Be4 28. Kf1 Bd3+ 29. Kg1 1/2-1/2

[Event "Montreal Mercredi 01"]
[Site "Montreal CAN"]
[Date "2009.01.14"]
[Round "2"]
[White "Leutschaft, Martin"]
[Black "Giroux, Robert"]
[Result "1-0"]
[WhiteElo "2120"]
[BlackElo "1956"]
[PlyCount "107"]
[GameId "2160767910281709"]
[EventDate "2009.01.07"]
[EventType "tourn"]
[EventRounds "5"]
[EventCountry "CAN"]
[SourceTitle "EXT 2011"]
[Source "ChessBase"]
[SourceDate "2011.11.26"]
[SourceVersion "1"]
[SourceVersionDate "2011.11.26"]
[SourceQuality "1"]

1. c3 c5 2. Nf3 g6 3. d4 cxd4 4. cxd4 Bg7 5. Nc3 d5 6. Qb3 Nf6 7. Bg5 e6 8. Rc1 O-O 9. e3 Nc6 10. Bd3 Qb6 11. Qxb6 axb6 12. Bf4 Nd7 13. a3 f6 14. Bd6 Rd8 15. O-O Bf8 16. Bc7 Re8 17. e4 dxe4 18. Nxe4 f5 19. Nc3 Bg7 20. Nb5 Bf8 21. Rfe1 Nf6 22. Bxb6 Nd5 23. Bc7 h6 24. Bc4 Bd7 25. Bxd5 exd5 26. Nc3 Be6 27. Ne5 Nxe5 28. Bxe5 Rec8 29. Ne2 Rxc1 30. Rxc1 Rc8 31. Rxc8 Bxc8 32. Nf4 g5 33. Nxd5 Kf7 34. Nb6 Be6 35. d5 Bxd5 36. Nxd5 Ke6 37. Nb6 Bc5 38. Bc7 Bd4 39. b3 f4 40. Kf1 Bb2 41. a4 Bc3 42. Ke2 Bb4 43. Kd3 Be1 44. f3 Bf2 45. h3 Bg1 46. b4 Bf2 47. b5 Be1 48. Ke4 Bb4 49. Nd5 Bc5 50. a5 Kd7 51. Bb6 Bd6 52. Nf6+ Kc8 53. Kd5 Bf8 54. Ke6 1-0

[Event "Montreal Mercredi 01"]
[Site "Montreal CAN"]
[Date "2009.01.14"]
[Round "2"]
[White "Morin, Louis"]
[Black "Panayotov, Ivo"]
[Result "0-1"]
[WhiteElo "1905"]
[BlackElo "1970"]
[PlyCount "124"]
[GameId "2160767910281710"]
[EventDate "2009.01.07"]
[EventType "tourn"]
[EventRounds "5"]
[EventCountry "CAN"]
[SourceTitle "EXT 2011"]
[Source "ChessBase"]
[SourceDate "2011.11.26"]
[SourceVersion "1"]
[SourceVersionDate "2011.11.26"]
[SourceQuality "1"]

1. e4 c5 2. d4 cxd4 3. c3 Nf6 4. e5 Nd5 5. Nf3 e6 6. Bc4 Nb6 7. Bb3 d6 8. Bg5 Be7 9. Bxe7 Qxe7 10. exd6 Qxd6 11. Qxd4 Qxd4 12. Nxd4 Ke7 13. Nd2 Bd7 14. O-O Nc6 15. N2f3 Nxd4 16. Nxd4 Ba4 17. Rfe1 Bxb3 18. axb3 Rhd8 19. Rad1 Rd5 20. c4 Rd7 21. Kf1 Rad8 22. Nf5+ Kf6 23. Ne3 Rxd1 24. Rxd1 Rxd1+ 25. Nxd1 Ke5 26. Ke2 Kd4 27. Ne3 Nd7 28. Nc2+ Kc5 29. Kd3 Ne5+ 30. Kc3 Ng4 31. b4+ Kd6 32. Nd4 a6 33. b5 axb5 34. Nxb5+ Kd7 35. Kd4 Nxf2 36. Kc5 Nd3+ 37. Kb6 Nxb2 38. Na3 Kc8 39. c5 e5 40. c6 bxc6 41. Kxc6 Kd8 42. Kd5 f6 43. Ke6 Ke8 44. Nb5 Nd1 45. g4 e4 46. Nd6+ Kf8 47. Nxe4 Ne3 48. h3 Ng2 49. g5 fxg5 50. Nxg5 h6 51. Nf7 Nf4+ 52. Kf5 Kxf7 53. Kxf4 Kf6 54. h4 g6 55. Ke4 Ke6 56. Kf4 Kd5 57. Kf3 Ke5 58. Ke3 Kf5 59. Kf3 h5 60. Kg3 Ke4 61. Kg2 Kf4 62. Kh3 Kf3 0-1

[Event "Montreal Mercredi 01"]
[Site "Montreal CAN"]
[Date "2009.01.14"]
[Round "2"]
[White "Serra, Luc"]
[Black "Vassileva, Svetla"]
[Result "1-0"]
[WhiteElo "1747"]
[BlackElo "1773"]
[PlyCount "53"]
[GameId "2160767910281711"]
[EventDate "2009.01.07"]
[EventType "tourn"]
[EventRounds "5"]
[EventCountry "CAN"]
[SourceTitle "EXT 2011"]
[Source "ChessBase"]
[SourceDate "2011.11.26"]
[SourceVersion "1"]
[SourceVersionDate "2011.11.26"]
[SourceQuality "1"]

1. e4 e5 2. Nf3 Nc6 3. Bc4 Bc5 4. c3 Nf6 5. d3 h6 6. h3 O-O 7. O-O d5 8. exd5 Nxd5 9. b4 Bb6 10. b5 Nce7 11. Nxe5 Qd6 12. d4 Be6 13. Qd3 Rae8 14. Ba3 Qd8 15. Bb3 Nf4 16. Qf3 Bxb3 17. axb3 Nfg6 18. Ng4 Qd7 19. Bb2 Qxb5 20. c4 Qc6 21. c5 Qxf3 22. gxf3 Nf4 23. cxb6 axb6 24. Kh2 Ned5 25. Ba3 Ne7 26. Nd2 Ne2 27. Rfe1 1-0

[Event "Montreal Mercredi 01"]
[Site "Montreal CAN"]
[Date "2009.01.14"]
[Round "2"]
[White "Sonn, Eric"]
[Black "Mathews, Theo"]
[Result "0-1"]
[WhiteElo "1632"]
[BlackElo "1679"]
[PlyCount "62"]
[GameId "2160767910281712"]
[EventDate "2009.01.07"]
[EventType "tourn"]
[EventRounds "5"]
[EventCountry "CAN"]
[SourceTitle "EXT 2011"]
[Source "ChessBase"]
[SourceDate "2011.11.26"]
[SourceVersion "1"]
[SourceVersionDate "2011.11.26"]
[SourceQuality "1"]

1. e4 e5 2. Nf3 Nf6 3. Nxe5 d6 4. Nf3 Nxe4 5. d4 d5 6. Bd3 Bd6 7. O-O O-O 8. c4 c6 9. Nc3 Nxc3 10. bxc3 Bg4 11. h3 Bh5 12. Be2 Nd7 13. cxd5 cxd5 14. Bg5 Qc7 15. Qd2 Rac8 16. Rac1 f6 17. Be3 Nb6 18. g4 Bf7 19. Nh4 g6 20. Bh6 Rfe8 21. Bf3 g5 22. Nf5 Bf4 23. Qd3 Bxc1 24. Rxc1 Bg6 25. Qf1 Qf4 26. Nh4 Qd2 27. Nxg6 hxg6 28. h4 Kf7 29. Rd1 Qf4 30. Qd3 Rh8 31. hxg5 fxg5 0-1

[Event "Montreal Mercredi 01"]
[Site "Montreal CAN"]
[Date "2009.01.14"]
[Round "2"]
[White "Tremblay, Sigfrid"]
[Black "Levkovsky, Alexandre"]
[Result "0-1"]
[WhiteElo "1879"]
[BlackElo "2094"]
[PlyCount "108"]
[GameId "2160767910281713"]
[EventDate "2009.01.07"]
[EventType "tourn"]
[EventRounds "5"]
[EventCountry "CAN"]
[SourceTitle "EXT 2011"]
[Source "ChessBase"]
[SourceDate "2011.11.26"]
[SourceVersion "1"]
[SourceVersionDate "2011.11.26"]
[SourceQuality "1"]

1. e4 e5 2. Bb5 Nf6 3. d4 Nxe4 4. Qe2 a6 5. Bd3 d5 6. f3 Nd6 7. dxe5 Nf5 8. Bf4 Nc6 9. c3 g5 10. e6 gxf4 11. Bxf5 Qf6 12. exf7+ Kxf7 13. Bxc8 Rxc8 14. Qd2 Re8+ 15. Ne2 Qe5 16. Kf1 Bd6 17. g3 Qh5 18. Kg2 Re3 19. Rf1 fxg3 20. Nxg3 Bxg3 21. hxg3 Rhe8 22. Rf2 Re1 23. Qf4+ Kg8 24. Qg4+ Qxg4 25. fxg4 Rd1 26. Rf1 Re2+ 27. Kg1 Rde1 28. Rxe1 Rxe1+ 29. Kf2 Rh1 30. Ke3 Kg7 31. a4 a5 32. Kd3 Kg6 33. Kc2 Kg5 34. Ra3 Rh2+ 35. Nd2 Ne5 36. Kc1 Rxd2 37. Rb3 Rf2 38. Rxb7 Nd3+ 39. Kd1 Nxb2+ 40. Ke1 Nd3+ 41. Kd1 Rf7 42. Kd2 Ne5 43. Ke2 Kxg4 44. Rb5 c6 45. Rxa5 Kxg3 46. Ra8 h5 47. Rg8+ Ng4 48. Rg6 h4 49. Rxc6 h3 50. Rb6 h2 51. Rb1 Kg2 52. Kd3 Rf1 53. Rb2+ Nf2+ 54. Kd4 h1=Q 0-1

[Event "Montreal Mercredi 01"]
[Site "Montreal CAN"]
[Date "2009.01.14"]
[Round "2"]
[White "Turcotte, Jonathan"]
[Black "Poschmann, Jeremie"]
[Result "1-0"]
[WhiteElo "1743"]
[BlackElo "1821"]
[PlyCount "165"]
[GameId "2160767910281714"]
[EventDate "2009.01.07"]
[EventType "tourn"]
[EventRounds "5"]
[EventCountry "CAN"]
[SourceTitle "EXT 2011"]
[Source "ChessBase"]
[SourceDate "2011.11.26"]
[SourceVersion "1"]
[SourceVersionDate "2011.11.26"]
[SourceQuality "1"]

1. d4 e6 2. c4 f5 3. Nf3 Nf6 4. Bf4 c6 5. a3 d5 6. e3 Bd6 7. Bxd6 Qxd6 8. Bd3 b6 9. O-O Nbd7 10. cxd5 cxd5 11. Nbd2 O-O 12. Rc1 Bb7 13. Qe2 Ne4 14. Rc2 Rac8 15. Rfc1 Rxc2 16. Rxc2 Rc8 17. Nf1 Rxc2 18. Qxc2 Qc6 19. Ne1 Kf7 20. f3 Nd6 21. Nd2 Kf6 22. Qxc6 Bxc6 23. Nc2 a5 24. Kf2 g5 25. h3 h5 26. g3 Nf8 27. Ne1 Ng6 28. Be2 f4 29. Nd3 fxg3+ 30. Kxg3 Ne7 31. Ne5 Ndf5+ 32. Kf2 Be8 33. Bd3 Ng6 34. Nxg6 Bxg6 35. Nb1 Nd6 36. Bxg6 Kxg6 37. b3 Kf5 38. Nc3 g4 39. hxg4+ hxg4 40. fxg4+ Kxg4 41. a4 Kf5 42. Kf3 Nf7 43. Ke2 Nd6 44. Kd3 Kg4 45. e4 dxe4+ 46. Nxe4 Nf5 47. Nd2 Ne7 48. Ke4 Kg5 49. Nc4 Kf6 50. Nxb6 Nc6 51. Nc4 Ke7 52. d5 exd5+ 53. Kxd5 Kd7 54. Kc5 Kc7 55. Na3 Kb7 56. Nb5 Nd8 57. Nd4 Ka6 58. Kd6 Kb6 59. Kd5 Nb7 60. Ne6 Ka6 61. Kc6 Ka7 62. Kb5 Ka8 63. Nc5 Nd6+ 64. Kxa5 Ka7 65. Nd7 Kb7 66. Ne5 Nc8 67. b4 Nb6 68. b5 Nd5 69. Nc4 Ka7 70. b6+ Kb7 71. Kb5 Nc3+ 72. Kb4 Nd5+ 73. Kc5 Nxb6 74. Nxb6 Ka6 75. Nc4 Ka7 76. Kb5 Kb7 77. a5 Ka7 78. a6 Kb8 79. Kb6 Ka8 80. Ne3 Kb8 81. Nd5 Ka8 82. Nc7+ Kb8 83. a7+ 1-0

[Event "Montreal Mercredi 01"]
[Site "Montreal CAN"]
[Date "2009.01.21"]
[Round "3"]
[White "Baran, Marius"]
[Black "Luo, Zhao Yang"]
[Result "1-0"]
[WhiteElo "1654"]
[BlackElo "1649"]
[PlyCount "86"]
[GameId "2160767739119974"]
[EventDate "2009.01.07"]
[EventType "tourn"]
[EventRounds "5"]
[EventCountry "CAN"]
[SourceTitle "EXT 2011"]
[Source "ChessBase"]
[SourceDate "2011.11.26"]
[SourceVersion "1"]
[SourceVersionDate "2011.11.26"]
[SourceQuality "1"]

1. e4 c6 2. Nc3 d5 3. d4 dxe4 4. Nxe4 Bf5 5. Ng3 Bg6 6. Nf3 Nd7 7. h4 h6 8. Bd3 Bxd3 9. Qxd3 Ngf6 10. Be3 e6 11. O-O-O Qc7 12. Kb1 Be7 13. Ne2 Rd8 14. Qb3 O-O 15. c4 c5 16. Nc3 cxd4 17. Nb5 Qc6 18. Nfxd4 Qe4+ 19. Ka1 Nc5 20. Qc2 a6 21. Nc3 Qxc2 22. Nxc2 Nfe4 23. Nxe4 Nxe4 24. f3 Ng3 25. Rhe1 Bxh4 26. Bb6 Rc8 27. c5 Nf5 28. Re2 Bd8 29. Ne3 Nxe3 30. Rxe3 Bxb6 31. cxb6 Rfd8 32. Rxd8+ Rxd8 33. a4 Rd4 34. Ra3 a5 35. Rb3 Rxa4+ 36. Kb1 Rb4 37. Ra3 Rxb6 38. Rxa5 Kf8 39. Rc5 Rc6 40. Rb5 Rc7 41. Rb4 Ke7 42. Rg4 g6 43. Rh4 h5 {..} 1-0

[Event "Montreal Mercredi 01"]
[Site "Montreal CAN"]
[Date "2009.01.21"]
[Round "3"]
[White "Giroux, Robert"]
[Black "Morin, Louis"]
[Result "0-1"]
[WhiteElo "1956"]
[BlackElo "1905"]
[PlyCount "138"]
[GameId "2160767910281715"]
[EventDate "2009.01.07"]
[EventType "tourn"]
[EventRounds "5"]
[EventCountry "CAN"]
[SourceTitle "EXT 2011"]
[Source "ChessBase"]
[SourceDate "2011.11.26"]
[SourceVersion "1"]
[SourceVersionDate "2011.11.26"]
[SourceQuality "1"]

1. e4 e5 2. d4 d6 3. Nf3 Nf6 4. Nc3 Nbd7 5. Bc4 Be7 6. O-O O-O 7. Qe2 c6 8. Rd1 Qc7 9. a4 h6 10. dxe5 Nxe5 11. Nxe5 dxe5 12. h3 Bc5 13. Rd3 Qe7 14. Rg3 Kh7 15. Kh1 Be6 16. Bd3 g6 17. Qd2 g5 18. Qe2 Rg8 19. Nd5 Bxd5 20. exd5+ e4 21. Bc4 cxd5 22. Bb3 Bd6 23. Rc3 Be5 24. Re3 Bd4 25. c3 Bxe3 26. Bxe3 Qe6 27. c4 Qe5 28. Rd1 dxc4 29. Bxc4 Rgd8 30. Bxf7 b6 31. b3 Rd6 32. Bc4 Rad8 33. Re1 Nd5 34. Bc1 Nc3 35. Bb2 Nxe2 36. Bxe5 Rd1 37. Rxd1 Rxd1+ 38. Kh2 Nf4 39. Bb8 Rd7 40. Bb5 Re7 41. Bd6 Re6 42. Bb8 a5 43. Bc4 Rc6 44. Be5 Nd3 45. Bd4 Nc5 46. Bd5 Rd6 47. Bxc5 bxc5 48. Bxe4+ Kg7 49. Kg3 Kf6 50. Kf3 Ke5 51. Ke3 Rd4 52. Bd3 Kd5 53. g3 Rb4 54. Bc4+ Ke5 55. f3 Rb8 56. f4+ gxf4+ 57. gxf4+ Kf5 58. Bd3+ Kf6 59. Bc2 Rg8 60. Kf3 Rg1 61. Kf2 Rh1 62. Kg3 Rc1 63. Be4 Rc3+ 64. Kg4 Rxb3 65. Bd5 Rb4 66. Bc6 c4 67. Kf3 c3 68. Ke3 c2 69. Kd2 Rc4 0-1

[Event "Montreal Mercredi 01"]
[Site "Montreal CAN"]
[Date "2009.01.21"]
[Round "3"]
[White "Levkovsky, Alexandre"]
[Black "Leutschaft, Martin"]
[Result "0-1"]
[WhiteElo "2094"]
[BlackElo "2120"]
[PlyCount "63"]
[GameId "2160767910281716"]
[EventDate "2009.01.07"]
[EventType "tourn"]
[EventRounds "5"]
[EventCountry "CAN"]
[SourceTitle "EXT 2011"]
[Source "ChessBase"]
[SourceDate "2011.11.26"]
[SourceVersion "1"]
[SourceVersionDate "2011.11.26"]
[SourceQuality "1"]

1. e4 e5 2. Nf3 Nf6 3. Nxe5 d6 4. Nf3 Nxe4 5. Nc3 Nxc3 6. dxc3 Be7 7. Be3 Nc6 8. Qd2 Be6 9. Bb5 a6 10. Bxc6+ bxc6 11. O-O c5 12. b3 O-O 13. c4 Bf5 14. Rac1 h6 15. Ne1 Be4 16. Nd3 g5 17. f4 f5 18. Nf2 Bb7 19. fxg5 hxg5 20. Nh3 f4 21. Qd3 Qe8 22. Bd2 Bf6 23. Rce1 Bd4+ 24. Kh1 Qh5 25. Bxf4 gxf4 26. Nxf4 Qg4 27. Re7 Bg7 28. h3 Bxg2+ 29. Kh2 Qh5 30. Qg3 Rf7 31. Rxf7 Qxf7 32. Nxg2 0-1

[Event "Montreal Mercredi 01"]
[Site "Montreal CAN"]
[Date "2009.01.21"]
[Round "3"]
[White "Marquis, Gerald"]
[Black "Chesnut, Walter"]
[Result "0-1"]
[WhiteElo "1550"]
[BlackElo "1540"]
[PlyCount "77"]
[GameId "2160767910281717"]
[EventDate "2009.01.07"]
[EventType "tourn"]
[EventRounds "5"]
[EventCountry "CAN"]

1. e4 e5 2. Nf3 Nc6 3. Bc4 Bc5 4. c3 Nf6 5. d4 exd4 6. cxd4 Bb4+ 7. Bd2 Bxd2+ 8. Nbxd2 O-O 9. O-O d5 10. Bd3 dxe4 11. Nxe4 Bg4 12. Nxf6+ Qxf6 13. Be4 Rad8 14. d5 Ne5 15. Qb3 Nxf3+ 16. gxf3 Bh3 17. Kh1 Bxf1 18. Rxf1 Qa6 19. Rg1 Qb6 20. Qc3 g6 21. Qc2 Rd6 22. b3 c6 23. dxc6 bxc6 24. Rg5 Qd4 25. Ra5 Qb4 26. Rxa7 Qe1+ 27. Kg2 Rd2 28. Qc5 Rfd8 29. Bxc6 Rxf2+ 30. Qxf2 Rd2 31. Qxd2 Qxd2+ 32. Kg3 Qd6+ 33. Kg2 Qxc6 34. b4 Kg7 35. Ra5 h5 36. a4 Qc3 37. Rb5 Qc2+ 38. Kg3 Qxa4 39. Rb7 0-1

[Event "Montreal Mercredi 01"]
[Site "Montreal CAN"]
[Date "2009.01.21"]
[Round "3"]
[White "Mathews, Theo"]
[Black "Gauthier, Luc"]
[Result "1-0"]
[WhiteElo "1679"]
[BlackElo "1631"]
[PlyCount "85"]
[GameId "2160767910281719"]
[EventDate "2009.01.07"]
[EventType "tourn"]
[EventRounds "5"]
[EventCountry "CAN"]
[SourceTitle "EXT 2011"]
[Source "ChessBase"]
[SourceDate "2011.11.26"]
[SourceVersion "1"]
[SourceVersionDate "2011.11.26"]
[SourceQuality "1"]

1. e4 Nf6 2. Nc3 d5 3. exd5 Nxd5 4. Bc4 Nxc3 5. Qf3 e6 6. dxc3 Nc6 7. Bf4 Bd6 8. O-O-O Qe7 9. Bxd6 cxd6 10. Ne2 Bd7 11. Bd3 e5 12. Ng3 Qg5+ 13. Qe3 Qxe3+ 14. fxe3 Bg4 15. Rd2 O-O 16. Bf5 Bxf5 17. Nxf5 Rad8 18. Rxd6 Rxd6 19. Nxd6 b6 20. Rd1 Rd8 21. Nc4 Rxd1+ 22. Kxd1 f5 23. Ke2 Kf7 24. b4 Ke6 25. b5 Ne7 26. Kd3 Kd5 27. Nd2 e4+ 28. Ke2 Kc5 29. a4 Nd5 30. Nb1 Kc4 31. Kd2 g5 32. Na3+ Kc5 33. c4 Nf6 34. c3 Ng4 35. h3 Ne5 36. Nc2 Nxc4+ 37. Ke2 Nd6 38. Nd4 Kd5 39. Kd2 Nc4+ 40. Ke2 Nd6 41. Nc6 a6 42. Ne7+ Ke6 43. bxa6 1-0

[Event "Montreal Mercredi 01"]
[Site "Montreal CAN"]
[Date "2009.01.21"]
[Round "3"]
[White "Panayotov, Ivo"]
[Black "Tremblay, Sigfrid"]
[Result "0-1"]
[WhiteElo "1970"]
[BlackElo "1879"]
[PlyCount "96"]
[GameId "2160767910281720"]
[EventDate "2009.01.07"]
[EventType "tourn"]
[EventRounds "5"]
[EventCountry "CAN"]
[SourceTitle "EXT 2011"]
[Source "ChessBase"]
[SourceDate "2011.11.26"]
[SourceVersion "1"]
[SourceVersionDate "2011.11.26"]
[SourceQuality "1"]

1. e4 e5 2. Nf3 Nc6 3. Bc4 Nf6 4. d3 Bc5 5. c3 d6 6. Nbd2 O-O 7. b4 Bb6 8. Bb3 Qe7 9. a4 a6 10. Nc4 Ba7 11. Bg5 h6 12. Be3 b5 13. axb5 axb5 14. Na3 Bxe3 15. fxe3 Rb8 16. O-O Be6 17. Rf2 Ng4 18. Re2 Nd8 19. d4 Bxb3 20. Qxb3 Ne6 21. h3 Nf6 22. d5 Ng5 23. Nxg5 hxg5 24. Qb1 g4 25. Qd3 gxh3 26. gxh3 Qd7 27. Kh2 g6 28. Rf2 Kg7 29. Raf1 Rh8 30. Rf3 Rh4 31. Kg2 Rbh8 32. Rh1 Nxe4 33. Nxb5 R8h5 34. Kf1 Rf5 35. Ke2 Rxf3 36. Kxf3 Qf5+ 37. Ke2 Ng3+ 38. Kd2 Qxd3+ 39. Kxd3 Nxh1 40. Nxc7 Nf2+ 41. Kc2 Kf8 42. b5 Ne4 43. Na6 Ke7 44. b6 Nc5 45. Nxc5 dxc5 46. b7 Rh8 47. Kd3 Rb8 48. Kc4 Kd6 0-1

[Event "Montreal Mercredi 01"]
[Site "Montreal CAN"]
[Date "2009.01.21"]
[Round "3"]
[White "Pregent, Daniel"]
[Black "Serra, Luc"]
[Result "1-0"]
[WhiteElo "1749"]
[BlackElo "1747"]
[PlyCount "63"]
[GameId "2160767910281721"]
[EventDate "2009.01.07"]
[EventType "tourn"]
[EventRounds "5"]
[EventCountry "CAN"]
[SourceTitle "EXT 2011"]
[Source "ChessBase"]
[SourceDate "2011.11.26"]
[SourceVersion "1"]
[SourceVersionDate "2011.11.26"]
[SourceQuality "1"]

1. d4 d6 2. Nf3 Nf6 3. c4 g6 4. Nc3 Bg7 5. h3 O-O 6. e4 Nc6 7. Be3 Nd7 8. g4 e5 9. d5 Ne7 10. Be2 h6 11. Qd2 g5 12. h4 f6 13. hxg5 fxg5 14. O-O-O Ng6 15. Nxg5 hxg5 16. Bxg5 Bf6 17. Bh6 Rf7 18. Kb1 Nf4 19. g5 Bg7 20. g6 Nxg6 21. Bxg7 Rxg7 22. Qh6 Qf6 23. Rdg1 Ndf8 24. Bh5 Qf4 25. Bxg6 Nxg6 26. Rxg6 Qxh6 27. Rgxh6 b6 28. Nb5 Bb7 29. Nxc7 Rc8 30. Ne6 Rg4 31. Rh8+ Kf7 32. R8h7+ 1-0